000 00668nam a2200205Ii 4500
003 JO-AjNU
008 230605s9999||||xx |||||||||||||| ||und||
017 _a2004/3/555
040 _aJO-AjNU
_bara
_erda
_cJO-AjNU
041 _aara
050 1 4 _aDS228.14.T3676 2001
100 3 _aتاليف طناش، رائد علي هاشم,
_eauthor
_96925
245 0 0 _aتاريخ الصلات بين الحجاز والهند
264 3 1 _aاربد: المؤلف، 2004
300 _a201ص
336 _atext
_btxt
_2rdacontent
337 _aunmediated
_bn
_2rdamedia
338 _avolume
_bnc
_2rdacarrier
650 4 _aتاريخ العرب- التعاون السياسي
_96926
999 _aA19
_c3587
_d3587